Get the Picture: Tim Raines or Rickey Henderson Quiz Stats

 Plays Quiz Updated Jun 29, 2019

Score 0/10 Timer 02:00
2 Plays Today
Question Answer Wrong Answers
Who had more career stolen bases (1,406 to 808)? Rickey Henderson
90.3%
Tim Raines
9.7%
Who was elected to the Hall of Fame in his first year of eligibility? Rickey Henderson
87.7%
Tim Raines
10.9%
Who won an MVP Award? Rickey Henderson
80.7%
Tim Raines
15.3%
Who had his son as a teammate with the Baltimore Orioles? Tim Raines
78%
Rickey Henderson
17.2%
Who had the higher career batting average (.294 to .279)? Tim Raines
76.6%
Rickey Henderson
22.9%
Who won a batting title? Tim Raines
68.1%
Rickey Henderson
27.1%
Who won a World Series title with the Toronto Blue Jays? Rickey Henderson
67%
Tim Raines
28%
Who had more career triples (113 to 66)? Tim Raines
66.8%
Rickey Henderson
28.8%
Who had more career home runs (297 to 170)? Rickey Henderson
61.6%
Tim Raines
35.9%
Who stole 70+ bases a record 6 consecutive seasons? Tim Raines
33.3%
Rickey Henderson
63.3%

Today's Daily Dose

You're not logged in!

Compare scores with friends on all Sporcle quizzes.
OR
Log In

Sporcle TV

Today on Sporcle TV


Watch our educational content, quiz creation guides, and fun videos on Sporcle TV.

Show Comments

Extras

Top Quizzes Today


Score Distribution

Your Account Isn't Verified!

In order to create a playlist on Sporcle, you need to verify the email address you used during registration. Go to your Sporcle Settings to finish the process.

Report this User

Report this user for behavior that violates our Community Guidelines.

Details: